000 00667nam a22002177a 4500
005 20130903173648.0
008 130903b xxu||||| |||| 00| 0 eng d
010 _aG-002193
020 _c100.00 (approx)
035 _aG-002193
037 _bGift
040 _adpl
_ben
082 _a181.45
100 _aArnold, Edwin
245 _aThe song celestial Shrimad Bhagavad/
_ctranslated from the sanskrit text by edwin Arnold
260 _aNew Delhi
_bInterprint
_c1978
300 _a151p
_c24cm(hb)
500 _aThis book is donated by Mrs Shailaja Chandra, Ex-Chairperson, D.L.B.
942 _2ddc
_cEN
_h181.45
_mARN
999 _c79049
_d79049